| 000 | 00599nam a22001937a 4500 | ||
|---|---|---|---|
| 005 | 20251108171850.0 | ||
| 008 | 250721s1998 xx 000 0 ara d | ||
| 082 | 1 | 4 | _aط/956.014/بدو |
| 100 | 1 | _aالبدوي، خليل | |
| 245 | 1 | 0 |
_aعياض بن غنم : _bفاتح الجزيرة / |
| 264 | 1 |
_aعمان : _bدار الإسراء، _c1998. |
|
| 300 | _a16ص | ||
| 650 | 1 | 7 | _aالتاريخ الإسلامي |
| 650 | 1 | 7 | _aالقادة الدينيون |
| 650 | 1 | 7 | _aالصحابة |
| 653 | _aأطفال مرحلة متوسطة (6-9) سنوات | ||
| 942 |
_2ddc _cBK |
||
| 999 |
_c64622 _d64622 |
||